| 000 | 00434ngm a22001810a 4500 | ||
|---|---|---|---|
| 001 | PT38199 | ||
| 003 | AR-LpoUNG | ||
| 005 | 20210202000515.0 | ||
| 007 | vd cvaizq | ||
| 008 | 191001ss.f.||||ag |||||||||||||||||spa d | ||
| 040 |
_aAR-LpoUNG _bspa _cAR-LpoUNG _eaacr |
||
| 041 | _aspa | ||
| 245 | 1 | 0 | _a¿Qué pasa entre estas cuatro paredes? |
| 260 |
_as.l. _bs.e. _cs.f.. |
||
| 300 | _aVHS : son., col. | ||
| 905 | _a38199 | ||
| 942 | _cDVD | ||
| 999 |
_c54980 _d54980 |
||